000 00638cam a22002293a 4500
001 3832
003 PGUSA
005 20140828083039.0
008 030301s2003||||xxu|||||s|||||000 1 eng d
040 _aPGUSA
_beng
042 _adc
050 4 _aPR
100 1 _aRichardson, Henry Handel,
_d1870-1946
245 1 0 _aAustralia Felix
_h[electronic resource] /
_cHenry Handel Richardson
260 _bProject Gutenberg,
_c2003
506 _aPublic domain in the USA.
516 _aElectronic text
653 _aAustralia -- Fiction
830 0 _aProject Gutenberg
_v3832
856 4 0 _uhttp://www.gutenberg.org/ebooks/3832
942 _cEB
999 _c233161
_d233161